[Event "Let's Play Chess!"]
[Site "http://www.queenalice.com/game.php?id=325071"]
[Date "2007.12.26"]
[Round "-"]
[White "tk"]
[Black "YouLoseSorry"]
[Result "0-1"]
[WhiteElo "790"]
[BlackElo "1599"]

1. e4 e5 2. Nf3 Nf6 3. h4 Bc5 4. Bd3 Ng4 5. a3 Nxf2 6. Qe2 Nxh1 7. Nc3 Ng3 8.
Qd1 d6 9. b4 Bf2+ 10. Kxf2 Nh5 11. Kg1 Bg4 12. Be2 Bxf3 0-1

[Event "AUTO-BEG-189"]
[Site "http://www.queenalice.com/game.php?id=362696"]
[Date "2008.2.28"]
[Round "1"]
[White "tk"]
[Black "jaychess"]
[Result "0-1"]
[WhiteElo "1069"]
[BlackElo "1573"]

1. d4 d5 2. Nf3 Nf6 3. e3 Nc6 4. Na3 Bf5 5. Bd3 Bxd3 6. cxd3 e6 7. O-O Bxa3 8.
bxa3 O-O 9. e4 dxe4 10. Bg5 exf3 11. Qxf3 h6 12. Bh4 g5 13. Bxg5 hxg5 14. Qh3
Kg7 15. Rae1 Rh8 16. Qg3 Nh7 17. a4 Nxd4 18. Re4 f5 19. Re3 f4 20. Qg4 fxe3 21.
fxe3 Nc2 22. Qh5 Rf8 23. e4 Rxf1+ 0-1

[Event "AUTO-BEG-189"]
[Site "http://www.queenalice.com/game.php?id=362697"]
[Date "2008.2.28"]
[Round "1"]
[White "jaychess"]
[Black "tk"]
[Result "1-0"]
[WhiteElo "1571"]
[BlackElo "1069"]

1. e4 e5 2. Nf3 Nc6 3. Bc4 Nf6 4. Ng5 h6 5. Nxf7 Qe7 6. Nxh8 Na5 7. Ng6 Qd8 8.
d3 d5 9. exd5 Bg4 10. f3 Bh5 11. Nh4 Bb4+ 12. c3 Bc5 13. b4 Bb6 14. bxa5 Bxa5
15. g4 Bf7 16. Nf5 Qd7 17. a4 Nh7 18. Ne3 Ng5 19. h4 Nh7 20. Qb3 b6 21. Bb5 1-0

[Event "AUTO-BEG-189"]
[Site "http://www.queenalice.com/game.php?id=362701"]
[Date "2008.2.28"]
[Round "1"]
[White "andorei"]
[Black "tk"]
[Result "0-1"]
[WhiteElo "1181"]
[BlackElo "1069"]

1. d4 d5 2. Nc3 Nf6 3. Nf3 e6 4. b4 Bxb4 5. Qd2 Ne4 6. Qd1 Bxc3+ 7. Bd2 O-O 8.
Bxc3 Nxc3 9. Qd2 Na4 10. Qb4 b5 11. Qxb5 Bd7 12. Qb3 Na6 13. g4 Rb8 14. Qa3 Nb4
15. Qxa4 Bxa4 16. c3 Nc2+ 17. Kd1 Nxa1+ 18. Kd2 c6 19. h4 Rb2+ 20. Kc1 Rc2+ 21.
Kd1 Qb6 22. Bh3 Qb1# 0-1

[Event "AUTO-OPEN-1035"]
[Site "http://www.queenalice.com/game.php?id=362769"]
[Date "2008.2.28"]
[Round "1"]
[White "marcelosi"]
[Black "tk"]
[Result "1-0"]
[WhiteElo "1667"]
[BlackElo "1069"]

1. e4 e5 2. Bc4 Nc6 3. Nh3 Nf6 4. Ng5 Na5 5. Bxf7+ Ke7 6. b4 h6 7. Bc4 Nxc4 8.
b5 hxg5 9. d3 Na5 10. Bxg5 Ke8 11. Bd2 b6 12. Bg5 Bb4+ 13. c3 Bc5 14. d4 Bd6 15.
dxe5 Bxe5 16. Qc2 Bb7 17. Nd2 1-0

[Event "AUTO-OPEN-1035"]
[Site "http://www.queenalice.com/game.php?id=362770"]
[Date "2008.2.28"]
[Round "1"]
[White "tk"]
[Black "marcelosi"]
[Result "0-1"]
[WhiteElo "1069"]
[BlackElo "1665"]

1. d4 d5 2. Nh3 Bf5 3. e3 Nc6 4. Bd3 Bxd3 5. cxd3 e6 6. O-O g6 7. Nf4 Nf6 8. Qa4
Bh6 9. Nc3 Bxf4 10. exf4 Qd6 11. Nb5 Qd7 12. Bd2 a6 13. Na3 b5 14. Qd1 Nxd4 15.
Nc2 Nxc2 16. Qxc2 O-O 17. Bb4 Rfe8 0-1

[Event "AUTO-OPEN-1035"]
[Site "http://www.queenalice.com/game.php?id=362795"]
[Date "2008.2.28"]
[Round "1"]
[White "piotrek3054"]
[Black "tk"]
[Result "1-0"]
[WhiteElo "1793"]
[BlackElo "1108"]

1. d4 d5 2. c4 e6 3. Nf3 dxc4 4. e4 Nc6 5. Bxc4 Bb4+ 6. Bd2 Nf6 7. Bxb4 Nxb4 8.
Qa4+ c6 9. Qxb4 Nxe4 10. Nbd2 Nd6 11. Bb3 a6 12. O-O O-O 13. Rfe1 Nb5 14. Re5 a5
15. Qc4 b6 16. Qxc6 Nc7 17. Ng5 Bb7 18. Qxb7 Qd7 19. Qe4 a4 20. Qxh7# 1-0

[Event "AUTO-OPEN-1035"]
[Site "http://www.queenalice.com/game.php?id=362796"]
[Date "2008.2.28"]
[Round "1"]
[White "tk"]
[Black "piotrek3054"]
[Result "0-1"]
[WhiteElo "1108"]
[BlackElo "1785"]

1. d4 Nf6 2. e3 d5 3. Nc3 g6 4. Nf3 Bg7 5. Bb5+ Bd7 6. b3 Bxb5 7. Nxb5 Qd7 8. a4
c6 9. Ne5 Qc8 10. Nc3 Nbd7 11. O-O Nxe5 12. Ne2 Neg4 13. Nf4 Nxh2 14. Re1 Nfg4
15. c4 Qf5 16. Ba3 g5 17. Nd3 e5 18. dxe5 Bxe5 19. Nc5 Qxf2+ 20. Kh1 Nf3 21. Rf1
Qh4# 0-1

[Event "AUTO-OPEN-1035"]
[Site "http://www.queenalice.com/game.php?id=362813"]
[Date "2008.2.28"]
[Round "1"]
[White "tk"]
[Black "modlazek"]
[Result "0-1"]
[WhiteElo "1069"]
[BlackElo "2138"]

1. d4 Nf6 2. Na3 e6 3. Bf4 Bxa3 4. bxa3 O-O 5. Nf3 d5 6. Ne5 c5 7. e3 Qa5+ 8.
Qd2 Qxa3 9. Bd3 c4 10. O-O cxd3 11. cxd3 Nh5 12. Qc1 Qxc1 13. Raxc1 f6 14. Ng4
Nxf4 0-1

[Event "AUTO-OPEN-1035"]
[Site "http://www.queenalice.com/game.php?id=362814"]
[Date "2008.2.28"]
[Round "1"]
[White "modlazek"]
[Black "tk"]
[Result "1-0"]
[WhiteElo "2137"]
[BlackElo "1069"]

1. d4 d5 2. e3 e6 3. Nf3 Bd6 4. Bb5+ c6 5. Bd3 Nf6 6. O-O Ne4 7. Bxe4 dxe4 8.
Nfd2 O-O 9. Nc3 Na6 10. Ncxe4 e5 11. Nxd6 Qxd6 12. Nc4 Qe6 13. Nxe5 Nb4 14. Bd2
a5 15. a3 Nd5 16. Qe1 1-0

[Event "Challenge"]
[Site "http://www.queenalice.com/game.php?id=410583"]
[Date "2008.5.30"]
[Round "-"]
[White "tk"]
[Black "slurp"]
[Result "0-1"]
[WhiteElo "1108"]
[BlackElo "1390"]

1. d4 d5 2. Bf4 Nc6 3. e3 e6 4. Nf3 Bb4+ 5. c3 Bd6 6. Bb5 Ne7 7. Bg3 O-O 8. Ng5
h6 9. Nf3 Nf5 10. O-O Nxg3 11. fxg3 e5 12. Na3 Bg4 13. Qb3 Ne7 14. Qc2 e4 15.
Nh4 c6 16. Ba4 Rb8 17. c4 Ng6 18. cxd5 cxd5 19. Qb3 Nxh4 20. Qxd5 Qe7 21. Rac1
Nf3+ 22. gxf3 exf3 23. Nb5 Qxe3+ 24. Kh1 Qe2 25. Rc2 Qxf1# 0-1